Loading...
Halsbury's Laws of England Vol 19(2) - Fuel and Energy
| Main Author: | |
|---|---|
| Published: |
London
LexisNexis Butterworths
2007
|
| Edition: | ed.4 2007 Reissue |
| Subjects: |
| LEADER | 00509nam a22001577a 4500 | ||
|---|---|---|---|
| 020 | |a 978-1-4057-2664-1 | ||
| 074 | |a 8262 | ||
| 100 | |a Lord Mackay of Clashfern |9 2671 | ||
| 245 | |a Halsbury's Laws of England |b Vol 19(2) - Fuel and Energy | ||
| 250 | |a ed.4 2007 Reissue | ||
| 260 | |a London |b LexisNexis Butterworths |c 2007 | ||
| 300 | |a 807p. | ||
| 500 | |a Includes index | ||
| 653 | |a Fuel and Energy | ||
| 999 | |c 6250 |d 6250 | ||
| 952 | |0 0 |1 0 |2 udc |4 0 |7 0 |9 7895 |a NUALS |b NUALS |d 2012-03-06 |l 0 |p 8262 |r 2012-03-06 |t 1 |w 2012-03-06 |y SERIALS | ||